grenouille à grande bouche (La)
| Auteur principal : | Nathalie Dieterlé |
|---|---|
| Titre : | grenouille à grande bouche (La) |
| Support : | Livres |
| Langue : | Francais |
| Publié : |
2018 Casterman Tournai (Belgique) |
| Genre : |
Album |
| Collection : |
A la queue leu leu |
| Sujets : | |
| Étiquettes : |
Pas de tags
|
| LEADER | 00792nam0a2200205 450 | ||
|---|---|---|---|
| 001 | 16867852 | ||
| 010 | |a 978-2-203-15572-5 |b cart. |d 9,95 | ||
| 100 | |a 20180104d2018 u u0frey01 ba | ||
| 101 | 0 | |a fre | |
| 102 | |a BE | ||
| 200 | 0 | |a grenouille à grande bouche (La) |f illustrations Nathalie Dieterlé | |
| 207 | 1 | |a | |
| 210 | |a Tournai (Belgique) |b 28 Rue des Soeurs Noires. |c Casterman |d 2018 | ||
| 215 | |a 1 vol. (22 p.) |c illustrations en couleur |d 16 x 27 cm | ||
| 225 | 1 | |a A la queue leu leu | |
| 330 | |a La grenouille demande aux autres animaux d'ouvrir la bouche grand comme elle. Electre 2018 | ||
| 700 | 0 | |a Dieterlé |b Nathalie |f 1966-.... |4 440 | |
| 900 | |a Album | ||
| 901 | |a Jeunesse | ||
| 995 | |a Médiathèque |c Médiathèque |f 00156010479319 |h 00156010479319 |k A DIE |o p |q j |r az |e Médiathèque | ||